Diseases of livestock / (Record no. 15830)

000 -LEADER
fixed length control field 00488nam a2200181Ia 4500
020 ## - INTERNATIONAL STANDARD BOOK NUMBER
ISBN 0074525638
040 ## - CATALOGING SOURCE
Transcribing agency OSU
082 ## - DEWEY DECIMAL CLASSIFICATION NUMBER
Classification number 636 HIL 1990 A090 Or.
100 1# - MAIN ENTRY--AUTHOR NAME
Personal name Hungerford, T. G.
245 10 - TITLE STATEMENT
Title Diseases of livestock /
250 ## - EDITION STATEMENT
Edition statement 9th ed
260 ## - PUBLICATION, DISTRIBUTION, ETC. (IMPRINT)
Place of publication Sydney ;
-- New York :
Name of publisher McGraw-Hill,
Year of publication c1990
300 ## - PHYSICAL DESCRIPTION
Number of Pages xxvii, 1942 p. :
Other physical details ill. ;
Dimensions 29 cm
500 ## - GENERAL NOTE
General note Cover title: Hungerford's Diseases of livestock
650 #0 - SUBJECT ADDED ENTRY--TOPICAL TERM
Topical Term Veterinary medicine
650 #0 - SUBJECT ADDED ENTRY--TOPICAL TERM
Topical Term Livestock
942 ## - ADDED ENTRY ELEMENTS (KOHA)
Koha item type សៀវភៅភាសាអង់គ្លេស
952 ## - LOCATION AND ITEM INFORMATION (KOHA)
Withdrawn status [LOCAL, KOHA] 0
Holdings
Permanent Location Date acquired Koha item type Lost status Shelving location Barcode Current Location Full call number
Library Block A2017-12-13សៀវភៅភាសាអង់គ្លេស A090A10807Library Block A636 HIL 1990 A090 Or.
មជ្ឈមណ្ឌលឯការនៃសាកលវិទ្យាល័យភូមិន្ទកសិកម្មចំការដូង

Powered by Koha